Statistiken für Stadtbezirke von Hannover

Klicken Sie hier um das Quiz zu spielen!

Allgemein

  • Dieses Quiz wurde 92 mal gespielt
  • Das Durchschnittsergebnis liegt bei 9 aus 13

Antwortstatistiken

Antwort% Korrekt
Linden-Limmer
91%
Vahrenwald-List
88%
Mitte
85%
Misburg-Anderten
83%
Nord
80%
Döhren-Wülfel
73%
Herrenhausen-Stöcken
72%
Südstadt-Bult
72%
Buchholz-Kleefeld
65%
Ricklingen
65%
Ahlem-Badenstedt-Davenstedt
61%
Bothfeld-Vahrenheide
56%
Kirchrode-Bemerode-Wülferode
56%

Verteilung der Resultate

Perzentil nach korrekt beantworteten Fragen

Anzahl Personen mit jedem Resultat

Ihre Resultats-Entwicklung

Sie haben dieses Quiz noch nicht gespielt